000 00446nam a22001457a 4500
005 20251112100413.0
008 251112b |||||||| |||| 00| 0 eng d
020 _a979-8-88715-049-9
100 _aHEMSWORTH, CHARLIE
245 _aHIGHER EDUCATION: ASSESSMENT AND TECHNIQUES
260 _aDUBLIN
_bORYSON PRESS
_c2023
300 _aX. 277P.
650 _a1. EDUCATION, HIGHER -EVALUATION 2. EDUCATIONAL TESTS AND MEASUREMENT
942 _2lcc
_cBK
999 _c216165
_d216165